000 00483nam a2200169Ia 4500
008 090124s9999 xx 000 0 und d
082 _b115646
100 _a"ROY DAVIS, H.LINGHAM, WILLIAM H.STONE"
245 _aMODERN BUSINESS ENGLISH
250 _a1
300 _a516
600 _a"ROY DAVIS, H.LINGHAM, WILLIAM H.STONE"
630 _aMODERN BUSINESS ENGLISH
700 _a"ROY DAVIS, H.LINGHAM, WILLIAM H.STONE"
730 _aMODERN BUSINESS ENGLISH
942 _cBOOK
999 _c161737
_d161737